| 000 | 00953nas a2200349 4500 | ||
|---|---|---|---|
| 001 | BR2015005570 | ||
| 003 | BR-BrBNA | ||
| 005 | 20231205125804.0 | ||
| 007 | ta | ||
| 008 | 230509b bl.|||p| |||| 00| 00por d | ||
| 040 |
_aBR-BrBNA _bpor _cBiblioteca Nacional de Agricultura |
||
| 041 | _a(Pt) | ||
| 072 | _aS30 | ||
| 100 | 1 | _aTomicki, L. | |
| 100 | 1 | _aRigo, A.A. | |
| 100 | 1 | _aDurigon, A. | |
| 100 | 1 | _aGutkoski, L.C. | |
| 100 | 1 | _aZeni, J. | |
| 100 | 1 | _aZeni, J. | |
| 100 | 1 | _aValduga, E. | |
| 100 | 1 | _aSteffens, C. | |
| 100 | 1 | _aToniazzo,G. | |
| 245 | 1 | _aElaboração e avaliação da qualidade de macarrão isento de glúten | |
| 650 | _aMACARRAO | ||
| 650 | _aARROZ | ||
| 650 | _aMILHO | ||
| 650 | _aGLUTEN | ||
| 650 | _aABSORÇAO DE NUTRIENTES | ||
| 773 | 0 |
_tCiência Rural (Brazil) _xISSN 0103-8478 _g(Jul 2015), v. 45(7) p. 1311-1318 _wBR2015005570 |
|
| 909 |
_a202311 _bLúcia _c55 _dLúcia Elande |
||
| 942 |
_2AGRIS _n0 _cANA |
||
| 999 |
_c246143 _d246143 |
||